Statistics for Municipalities of Nara Prefecture

Click here to take the quiz!

General Stats

  • This quiz has been taken 61 times
  • The average score is 24 of 39

Answers on the Map

Answers color-coded by a green-red scale on the quiz's map according to % correct below.
 

Answer Stats

Answer% Correct
Nara 奈良
100%
Tenri 天理
94%
Yamatokoriyama 大和郡山
88%
Asuka 明日香
82%
Gojo 五条
76%
Ikaruga 斑鳩
76%
Ikoma 生駒
76%
Sakurai 桜井
76%
Totsukawa 十津川
76%
Kashihara 橿原
71%
Oji 王寺
71%
Yoshino 吉野
71%
Gose 御所
65%
Uda 宇陀
65%
Yamatotakada 大和高田
65%
Yamazoe 山添
65%
Higashiyoshino 東吉野
59%
Katsuragi 葛城
59%
Shimokitayama 下北山
59%
Soni 曽爾
59%
Tawaramoto 田原本
59%
Heguri 平群
53%
Kamikitayama 上北山
53%
Kashiba 香芝
53%
Kawai 河合
53%
Mitsue 御杖
53%
Oyodo 大淀
53%
Sango 三郷
53%
Shimoichi 下市
53%
Takatori 高取
53%
Ando 安堵
47%
Kanmaki 上牧
47%
Kawakami 川上
47%
Kawanishi 川西
47%
Koryo 広陵
47%
Kurotaki 黒滝
47%
Miyake 三宅
47%
Nosegawa 野迫川
47%
Tenkawa 天川
47%

Score Distribution

Percentile by Number Answered

Percent of People with Each Score

Your Score History

You have not taken this quiz